| 000 | 00862cab a2200241 4500 | ||
|---|---|---|---|
| 001 | ABS44627 | ||
| 008 | 090401t1990 xxu||||| |||| 00| 0 eng d | ||
| 035 | _a(Sirsi) u48090 | ||
| 041 | _aeng | ||
| 100 | _aMika, S.L.J. | ||
| 245 | _aImproving surveying skills with computer-aided learning tools. Part 1 | ||
| 260 | _c1990 | ||
| 350 | _a0 | ||
| 490 |
_aStructural Survey _v9(2) Autumn 1990, 161-168(8) |
||
| 520 | _aFirst of two articles looking at the difficulties of learning essential building surveying skills and gives an overview of computer-aided learning as a solution. References. | ||
| 650 | _aCAREERS, EDUCATION AND TRAINING | ||
| 650 | _aMANAGEMENT-BUSINESS MANAGEMENT-INFORMATION MANAGEMENT | ||
| 650 | _aINTERACTIVE VIDEO | ||
| 650 | _aVIDEOS | ||
| 690 | _aBUILT ENVIRONMENT-BUILDING INSPECTION | ||
| 942 | _n0 | ||
| 948 | _c04/03/1997 | ||
| 999 |
_c30219 _d30219 |
||